| 000 | 00868cab a2200217 4500 | ||
|---|---|---|---|
| 001 | ABS37693 | ||
| 008 | 090401t1987 xxu||||| |||| 00| 0 eng d | ||
| 035 | _a(Sirsi) u6225 | ||
| 041 | _aeng | ||
| 100 | _aDoling, J. | ||
| 245 | _aRates of return | ||
| 260 | _c1987 | ||
| 350 | _a0 | ||
| 490 |
_aEstates Gazette _v282(6330) 18 April 1987, 319-320(2) |
||
| 520 | _aExamines the results of a DoE survey on the returns from rental income within that sector of housing that has registered fair rents . Looks at trends in the rate of return over a period from January 1981- July 1986, and attempts an explanation of the findings. Concludes with a look at the future for the private-rented housing sector in Great Britain. | ||
| 650 | _aPRIVATE RENTED SECTOR | ||
| 650 | _aREGISTERED RENTS | ||
| 690 |
_aBlock management _96220 |
||
| 942 | _n0 | ||
| 948 | _c04/03/1997 | ||
| 999 |
_c3741 _d3741 |
||